Estadísticas para Rangos del Ejército y Fuerza Aérea Mexicanos

Haz click aquí para intentar la prueba.

Estadísticas generales

  • Esta prueba ha sido intentada 22 veces
  • La puntuación promedio es 7 de 15

Estadísticas de respuestas

Respuesta% Correcto
Soldado
86%
Cabo
71%
Sargento 1°
57%
Sargento 2°
57%
Teniente
57%
Coronel
43%
General de Brigada o de Ala
43%
General de División
43%
Mayor
43%
Subteniente
43%
Teniente Coronel
43%
Capitán 1°
29%
Capitán 2°
29%
General Brigadier o de Grupo
29%
General Secretario de la Defensa Nacional
29%

Distribución de puntuación

Porcentaje por número respondido

Porcentaje de gente con cada puntuación

Historial de tus puntuaciones

No has intentado esta prueba.